Psych Characters by Picture - Statistics

General Stats
  • This quiz has been taken 25 times
  • The average score is 11 of 16
Answer Stats
Picture Answer % Correct
Burton "Gus" Guster
95%
Carlton "Lassie" Lassiter
95%
Shawn Spencer
95%
Henry Spencer
89%
Juliet O'Hara
89%
Chief Karen Vick
84%
Woody
79%
Yang
79%
Buzz McNab
68%
Mary Lightly
68%
Mr. Yin
68%
Abigail Lytar
63%
Harris Trout
58%
Pierre Despereaux
58%
Madeleine Spencer
32%
Robert Mackintosh
5%
No matching quizzes found
Score Distribution
Percent of People with Each Score
Percentile by Number Answered
Your Score History
You have not taken this quiz